000 00312nam a2200109Ia 4500
008 220120s9999||||xx |||||||||||||| ||und||
100 _aRao, Ganesh D and Venkatesh, Channa K
245 0 _aSignals and systems
260 _aSanguine Technical publications
_bNew Delhi
_c2008
300 _b130
650 _aMANAGEMENT
999 _c137202
_d137202